【プロ野球】 埼玉西武ライオンズ 旧応援歌 - Statistics

General Stats
  • This quiz has been taken 31 times
  • The average score is 27 of 49
Answer Stats
応援歌 選手名 % Correct
ラーラララー ラーラララー ラーラララー ラーララー 走れ〇〇 さあ一歩踏み出して その瞬間を掴め 金子侑司
100%
〇〇〇〇ここで一発 高らかにアーチ描こうぜ皆の願いバットにのせて 飛ばせ遥か彼方まで 山川穂高
96%
無限に昇る 華を此処で咲かせろ日本を背負う侍 戦いの時だ 森友哉
96%
〇〇〇〇 ホームランキング ララララララー〇〇〇〇 ホームランキング ララララララー 〇〇〇〇 ラーラーララーラーラ 〇〇〇〇 ララララー 〇〇〇〇 ラーラーララーラーラ 〇〇〇〇 ララララー メヒア
91%
〇〇決めてくれ 全力で闘え 勝利を呼び込む 風になれ 全てを越えろ 〇〇〇〇 秋山翔吾
91%
たたき込め! 〇〇 〇〇 それ!バットでGo!Go!さあレフトスタンドに たたき込め 浅村栄斗
87%
狙い球は豪速球 打てば飛ぶ飛ぶ銀河の果てに ミスターレオ〇〇 松井稼頭央
87%
〇〇 研ぎ澄まされた そのセンスで決めろ グランドスラム 中島宏之
87%
魅せろ〇〇打ちまくれ プライドかけて熱くなれ敵を蹴散らせ薙ぎ倒せ 度胸魅せろ〇〇 岡田雅利
74%
バットに込めた気持ち 打ち放てよその願いは大空へ 〇〇〇〇 永江恭平
74%
気持ちを込めて 投げろ〇〇勝ち星あげろ 全力で突き進め 菊池雄星
74%
〇〇 〇〇 〇〇 〇〇 今突き進め 燃えろ暴れ獅子 片岡治大
74%
光目指し走り いま大空へ飛び立つ 華麗に風を切れ 期待を乗せて 鈴木将平
70%
溢れ出す野生感 怪力見せつけてグラウンドで暴れ回る 男の名は〇〇 愛斗
70%
ねじって落とせ!食い込め直球!退くな負けるな 〇〇〇〇 岸孝之
70%
浪速魂たぎらせて 秘めたるパワーぶちかませこの地でチャンス掴み取れ 気迫の一打魅せてくれ 陽川尚将
65%
我らの願いを背に 安打!〇〇〇〇 渋く熱く魅せてくれ さぁ今だ決めてやれ 呉念庭
65%
〇〇×8 ウォオオ ウォオオ オオオ Lead us to Victoryウォオオ ウォオオ オオオ We Are The Lions スパンジェンバーグ
65%
君がいるから 共に闘えるよ  僕らは待ってる 喜びのヒーローさ 涌井秀章
65%
〇〇〇〇でゴーゴー 〇〇〇〇でゴーゴー狙いはいつも あの左中間 G.G.佐藤
65%
速球貫け 打て進め ギアを上げて加速しろ 魅せろ〇〇 熊代聖人
61%
守備は華麗なロックンロール 打て頼むぞそれいけ大量得点 燃えろ燃えろ 〇〇 辻発彦
61%
心に秘めた想いを フルスイングでぶちかませ継続は力になるから 自分を信じて突っ走れ 木村文紀
61%
栄光への道 君が切り拓けあの頂目指して 走り出す瞬間 若林楽人
57%
さぁこの場所で輝け 根性魅せてくれ男の意地かけて立ち上がれ 勝負だ〇〇 鬼崎裕司
57%
ラーラーラーラーラーララ 〇〇〇〇ライトフェンスを直撃だ 上本達之
57%
投げ放つ勇姿は 全てを越えて 今日もみんなの胸に 刻み込まれゆく 西口文也
57%
Let’s Go! ホームを狙え スピード上げろ リズムに乗せて Let’s Go! 〇〇 切り込め 突撃 ヘルマン
57%
青き流星輝く グランドの海を進めどこまでも 〇〇〇〇 和田一浩
57%
遥か大きな夢を 掴むその日まで燃やせ不屈の魂を 熱く熱く熱く 山田遥楓
52%
かっとばせ!かっとばせ!登りつめろ〇〇情熱狙い撃ち 気持ちで振ってくれ 坂田遼
48%
繰り返す荒波を その腕で迷わず 振り払え打球は はるか彼方〇〇 佐藤友亮
48%
コーナーショットで 攻めてゆけ優しさと激しさで チームを盛り上げろ 細川亨
43%
夢をのせて走れよ その背中にチャンスをつかみ取れ 挑め〇〇 斉藤彰吾
39%
〇〇 見せつけろ お前のセンスを存分に 敵の動き翻弄させて ダイヤモンドを駆け抜けろ 木村昇吾
39%
みんなの気持ち乗せて 魂込めろ 真っ直ぐ突き進め 〇〇〇〇 渡辺直人
39%
スタンドの願いを 背に受け 勝利への一撃 〇〇 大崎雄太朗
39%
風を切り裂け 鋭くしなやかな勇姿 バックスピンで打ち込め Ohレッツゴースーパーヒッター 石井義人
39%
待ってた晴れ舞台 コールが響く 茜空に映える シルエット oh oh 〇〇 oh oh 〇〇 さぁ星のように 眩しく光れ 森本稀哲
30%
オーオーオーオー 青く光れ 希望の星ラーララララ オーオーオーオー ヒーローになれ 〇〇〇〇 星孝典
26%
鋭いその肩で獲物を刺せよ しなやかなる打球は大空へ 虹を架けろよ 〇〇〇〇 美沢将
26%
埼玉魂で 気迫の雄叫びあげろ 勝負強いバットで 勝利へ導け 嶋重宣
26%
Go! Terry! Go! Terry! Here We Go Terry! 自由自在のアメリカン Go! Terry! Go! Terry! Here We Go Terry! 陽気な男 セラテリ
22%
激戦の波に 怯まず挑め 切り裂けライナー その腕で 脇谷亮太
17%
ホットなそのハートで 縦横無尽に行け がむしゃらにくらいつけよ 羽ばたけ〇〇 石川貢
17%
燃え広がれ このスタジアムいっぱいに その左腕が放つ 栄光の炎よ 石井一久
17%
巧みにかわせ 浮き上がれ魔球 勝利を手にしろ 〇〇〇〇 牧田明久
13%
敵を打ち砕いてみせろ 自慢の怪力で好球必打振り抜けば 勝利の一撃 竹原直隆
13%
スポットライト浴びて ラララ輝け〇〇レフトスタンド狙え 奇跡をおこせ 米野智人
13%
No matching quizzes found
Score Distribution
Percent of People with Each Score
Percentile by Number Answered
Your Score History
You have not taken this quiz